000 00727cab a2200229 4500
001 ABS60224
008 090401t1999 xxu||||| |||| 00| 0 eng d
035 _a(Sirsi) u91437
041 _aeng
100 _aBill, P.
245 _aAgreement on marriage value sets merger agenda
260 _c1999
350 _a0
490 _aEstates Gazette
_v(9906) 13 February 1999, 61(1)
520 _aAn overview of the preliminary merger agreement between the RICS and ISVA.
650 _aABOUT RICS-RELATED ORGANISATIONS-INCORPORATED SOCIETY OF VALUERS AND AUCTIONEERS
650 _aMERGER AGREEMENT
650 _aRICS
690 _aMANAGEMENT-BUSINESS MANAGEMENT-PROFESSIONAL PRACTICE
942 _n0
948 _c18/02/1999
999 _c58047
_d58047